Contenidos educativos en modelos blended learning en educación superior /

Bibliographic Details
Main Authors: Rojas Contreras, William Mauricio (Author), Orjuela Duarte, Ailin (Author), Santos Jaimes, Luz Marina (Author)
Format: Electronic eBook
Language:Spanish
Published: [Pamplona, Colombia] : Sello Editorial Unipamplona, [2024]
Edition:Primera edición.
Series:Colección Innovación y tecnología (Universidad de Pamplona)
Subjects:
Online Access:Digitalia Hispánica

MARC

LEADER 00000nam a2200000 i 4500
001 DIGUPAMP0047
003 NyNyDIG
007 cr |||||||||||
008 250902s2024 ck a ob 000 0 spa d
006 m o d
035 |a (OCoLC)1536545494 
040 |a DGITA  |b eng  |e rda  |e pn  |c DGITA 
020 |a 9786287656369  |q (digital) 
024 7 |a 10.24054/seu.88  |2 doi 
050 1 4 |a LB2395.7 ebook 
100 1 |a Rojas Contreras, William Mauricio,  |e author. 
245 1 0 |a Contenidos educativos en modelos blended learning en educación superior /  |c William Mauricio Rojas Contreras, Ailín Orjuela Duarte, Luz Marina Santos Jaimes. 
250 |a Primera edición. 
264 1 |a [Pamplona, Colombia] :  |b Sello Editorial Unipamplona,  |c [2024] 
300 |a 1 online resource :  |b illustrations. 
336 |a text  |b txt  |2 rdacontent 
337 |a computer  |b c  |2 rdamedia 
338 |a online resource  |b cr  |2 rdacarrier 
347 |a text file  |2 rdaft 
347 |b PDF 
490 1 |a Colección Innovación y tecnología 
504 |a Includes bibliographical references. 
588 0 |a Online resource; title from PDF title page (Digitalia, viewed September 2, 2025) 
650 0 |a Education, Higher  |x Computer-assisted instruction. 
650 0 |a Education, Higher  |x Effect of technological innovations on. 
650 0 |a Blended learning. 
700 1 |a Orjuela Duarte, Ailin,  |e author. 
700 1 |a Santos Jaimes, Luz Marina,  |e author. 
791 2 |a Digitalia (Firm),  |e distributor. 
793 0 |g Digitalia eBook Collection:  |a Universidad de Pamplona 
830 0 |a Colección Innovación y tecnología (Universidad de Pamplona) 
856 4 0 |3 Digitalia Hispánica  |u https://www.digitaliapublishing.com/a/175587/ 
910 |a Premium collection: 2025